000 00489nam a22001817a 4500
020 _a9789348573605
082 _aM301 (FTr.)
_bANT/C
100 _aAnton Chechov
245 _aChechov kadhakal/
_cby Anton Chechov
260 _aThiruvananthapuram:
_bChintha Publishers,
_c2024.
300 _a72p.
650 _aStories Translation Russian
650 _aStories Malayalam
650 _aLiterature Malayalam
650 _aLiterature
700 _aLathika Savithri (tr.)
942 _cBK
999 _c181883
_d181883